|
|
|
|
| LEADER |
00000nab a2200000ua 4500 |
| 001 |
vtls010778964 |
| 003 |
SK-MaSNL |
| 005 |
20260303123433.0 |
| 008 |
230214s1971 xo |||||||||||||||||slo| |
| 035 |
|
|
|a (urnnbn)urn:nbn:sk:snk:ar-a03ghr
|
| 035 |
|
|
|a (uuid)ea953680-44b0-4fde-bae9-761294e629f1
|
| 035 |
|
|
|a urn:nbn:sk:snk-ab59bv
|
| 040 |
|
|
|a SNKBUCL
|b slo
|c SNKBUCL
|e AACR2
|
| 041 |
0 |
|
|a slo
|
| 044 |
|
|
|a xo
|c SK
|
| 100 |
1 |
|
|a Šimko, J.
|4 aut
|9 5205
|
| 245 |
1 |
0 |
|a ZMENY AKTIVITY OXYTOCINÁZY A OXYTOCÍNU V KRVI PO INDUKCII PÔRODU OXYTOCÍNOM
|c J. Šimko
|
| 773 |
0 |
|
|t Bratislavské lekárske listy
|g Roč. 56, č. 1 (1971), s. 15-20
|
| 954 |
|
|
|a odborná, vedecká literatúra pôvodná (slovenská)
|2 lita
|
| 958 |
|
|
|a OND
|
| 958 |
|
|
|a EUIPO
|
| 958 |
|
|
|a article3
|
| 999 |
|
|
|c 1925962
|d 1927892
|